| 000 | 00998pam a2200301 a 4500 | ||
|---|---|---|---|
| 001 | 4525851 | ||
| 005 | 20200421093822.0 | ||
| 008 | 091015s2010 enkab 001 0 eng d | ||
| 015 |
_aGBA9A6822 _2bnb |
||
| 020 |
_a9781848092259 (hbk.) : _c£20.00 |
||
| 020 |
_a1848092253 (hbk.) : _c£20.00 |
||
| 035 | _a(Uk)015409267 | ||
| 040 |
_aStDuBDS _beng _cStDuBDS _dUk |
||
| 042 | _aukblcatcopy | ||
| 082 | 0 | 4 |
_a577.640941 _222 |
| 100 | 1 |
_aForrester, Philippa, _d1968- _9449 |
|
| 245 | 1 | 0 |
_aHalcyon River diaries / _cPhilippa Forrester and Charlie Hamilton-James. |
| 260 |
_aLondon : _bPreface, _c2010. |
||
| 300 |
_a223 p. : _bill, maps ; _c26 cm. |
||
| 500 | _aIncludes index. | ||
| 500 |
_aFormerly CIP. _5Uk |
||
| 600 | 1 | 0 |
_aForrester, Philippa, _d1968- _xHomes and haunts. _9990 |
| 600 | 1 | 0 |
_aHamilton-Jones, Charlie _xHomes and haunts. |
| 650 | 0 |
_aStream ecology _zGreat Britain. _9992 |
|
| 700 | 1 | _aHamilton-James, Charlie. | |
| 942 |
_2ddc _cBK |
||
| 999 |
_c211 _d211 |
||